Islands by Letter - N - Statistics

General Stats
  • This quiz has been taken 157 times
  • The average score is 8 of 14
Answer Stats
Hint Island % Correct
Gave up its independence to join Canada in 1949 Newfoundland
93%
Where the cities of Auckland, Wellington and Hamilton are located North Island
92%
Tiny island nation that once was among the world's richest countries,thanks to phosphate mining Nauru
90%
Politically joined by Saint Kitts Nevis
86%
Island country in free association with New Zealand Niue
64%
There once was a man from this limerick-friendly island Nantucket
57%
Voted NOT to become independent from France in 2020 New Caledonia
55%
Home to the highest mountain located on an island New Guinea
44%
French river island at the mouth of the Loire, located on a major city Nantes
38%
Largest island of Greece's Cyclades Naxos
37%
Oceanian island where Tavurvur's eruption destroyed the town of Rabaul in 1994 New Britain
32%
Australian external territory that was permanently settled by the descendants of the HMS Bounty mutineers from Pitcairn Island1856 Norfolk Island
31%
Major island northeast of the above, named for an European island New Ireland
24%
Second largest (both in area and in population) of the Visayas Islands, Philippines Negros
20%
No matching quizzes found
Score Distribution
Percent of People with Each Score
Percentile by Number Answered
Your Score History
You have not taken this quiz